Wolstenholme and Cherry's annotated Land Registration Act 2002 (Record no. 103090)

MARC details
000 -LEADER
fixed length control field 01639cam a2200265 4500
008 - FIXED-LENGTH DATA ELEMENTS--GENERAL INFORMATION
fixed length control field 030922n2003 000 0 eng u
020 ## - INTERNATIONAL STANDARD BOOK NUMBER
International Standard Book Number 0421851503
035 ## - SYSTEM CONTROL NUMBER
System control number (Sirsi) u123680
041 ## - LANGUAGE CODE
Language code of text/sound track or separate title eng
050 ## - LIBRARY OF CONGRESS CALL NUMBER
Classification number 346.41043
-- 18
245 ## - TITLE STATEMENT
Title Wolstenholme and Cherry's annotated Land Registration Act 2002
260 ## - PUBLICATION, DISTRIBUTION, ETC.
Place of publication, distribution, etc. London
Name of publisher, distributor, etc. Thomson Sweet and Maxwell
Date of publication, distribution, etc. 2003
300 ## - PHYSICAL DESCRIPTION
Extent lxii, 874p.
Dimensions 24cm
350 ## - PRICE (NR) (BK AM CF MU VM SE) [OBSOLETE]
Price 75
520 ## - SUMMARY, ETC.
Summary, etc. Explains and clarifies the new legal principles and objectives introduced by the Land Registration Act 2002. Also explains the transitional provisions that will apply on the repeal of the Land Registration Acts 1925-1986. Includes the full text of the Act and the Land Registration Rules 2003, as well as the parts of the Land Registration Act 1925 retained under the transitional provisions plus the relevant sections of the Law of Property Act 1925, all annotated. The full text of the 1925 Act and other rules preserved under the transitional provisions are also reproduced to help apply the provisions and to compare the changes in principle and practice. Also includes case law, reproductions of the new Land Registry forms and other relevant material from other legislation.
650 ## - SUBJECT ADDED ENTRY--TOPICAL TERM
Topical term or geographic name entry element LAND REGISTRATION ACT 2002
650 ## - SUBJECT ADDED ENTRY--TOPICAL TERM
Topical term or geographic name entry element LAND REGISTRATION RULES 2003
650 ## - SUBJECT ADDED ENTRY--TOPICAL TERM
Topical term or geographic name entry element LAND REGISTRATION
650 ## - SUBJECT ADDED ENTRY--TOPICAL TERM
Topical term or geographic name entry element LAND REGISTRATION ACT 1925
650 ## - SUBJECT ADDED ENTRY--TOPICAL TERM
Topical term or geographic name entry element LAW OF PROPERTY ACT 1925
650 ## - SUBJECT ADDED ENTRY--TOPICAL TERM
Topical term or geographic name entry element MANAGEMENT-DISPUTE AVOIDANCE, MANAGEMENT AND RESOLUTION-DISPUTE MANAGEMENT AND RESOLUTION-ALTERNATIVE DISPUTE RESOLUTION-ADJUDICATION
690 ## - LOCAL SUBJECT ADDED ENTRY--TOPICAL TERM (OCLC, RLIN)
Topical term or geographic name as entry element PROPERTY
700 ## - ADDED ENTRY--PERSONAL NAME
Personal name Clarke, Ian
International Standard Serial Number Editor
942 ## - ADDED ENTRY ELEMENTS (KOHA)
Suppress in OPAC 0
Holdings
Withdrawn status Lost status Source of classification or shelving scheme Damaged status Not for loan Home library Current library Shelving location Date acquired Cost, normal purchase price Total Checkouts Full call number Barcode Date last seen Copy number Cost, replacement price Price effective from Koha item type
    Dewey Decimal Classification     London London Books 19/01/2004 75.00   346.41043 CLA 30068984 06/08/2019 1 75.00 06/08/2019 Book